| Tag |
First Indicator |
Second Indicator |
Subfields |
| LEADER |
00000cam a2200000 a 4500 |
| 001 |
in00000020424 |
| 005 |
20151007053921.0 |
| 008 |
870331s1987 nyu n 00000 eng |
| 010 |
|
|
|a 87008515
|
| 020 |
|
|
|a 0935312749 (pbk.) :
|c $12.95
|
| 020 |
|
|
|a 0935312757 (hard) :
|c $29.95
|
| 035 |
|
|
|a (OCoLC)15549408
|
| 035 |
|
|
|9 AAB3335AM
|
| 040 |
|
|
|a DLC
|c DLC
|d TXA
|d UtOrBLW
|
| 049 |
|
|
|a TXAM
|c [A11468412]
|
| 050 |
0 |
0 |
|a HQ1206
|b .C69 1987
|
| 082 |
0 |
|
|a 305.4/2
|2 19
|
| 245 |
0 |
0 |
|a Competition, a feminist taboo? /
|c edited by Valerie Miner and Helen E. Longino ; foreword by Nell Irvin Painter.
|
| 264 |
|
1 |
|a New York :
|b The Feminist Press at the City University of New York,
|c 1987.
|
| 300 |
|
|
|a xvi, 260 pages ;
|c 23 cm.
|
| 336 |
|
|
|a text
|b txt
|2 rdacontent
|
| 337 |
|
|
|a unmediated
|b n
|2 rdamedia
|
| 338 |
|
|
|a volume
|b nc
|2 rdacarrier
|
| 504 |
|
|
|a Includes bibliographies.
|
| 650 |
|
0 |
|a Women
|x Psychology.
|
| 650 |
|
0 |
|a Competition (Psychology)
|
| 650 |
|
0 |
|a Feminism
|x Psychological aspects.
|
| 700 |
1 |
|
|a Miner, Valerie.
|
| 700 |
1 |
|
|a Longino, Helen E.
|
| 740 |
0 |
|
|a Competition.
|
| 999 |
|
|
|a MARS
|
| 999 |
f |
f |
|s 26273f17-73b7-3a86-a637-c5ff9c0a648a
|i fcd55284-abc9-3d9c-a78c-04a97870cf6f
|t 0
|
| 952 |
f |
f |
|p ric
|a Texas A&M University
|b Rellis Campus
|c Joint Library Facility
|d Remote Storage
|t 0
|e HQ1206 .C69 1987
|h Library of Congress classification
|i unmediated -- volume
|m A14811468412
|
| 998 |
f |
f |
|a HQ1206 .C69 1987
|t 0
|l Remote Storage
|